| 000 | 00573nam a22001817a 4500 | ||
|---|---|---|---|
| 003 | MPLRDC | ||
| 005 | 20220104202335.0 | ||
| 008 | 210129b ||||| |||| 00| 0 eng d | ||
| 020 | _a978-967-11441-2-1 | ||
| 082 | _a868.71 CSJ | ||
| 100 | _a陈寿锦、黄元珠、李彩菁 采访/文 | ||
| 245 |
_a传·说古城 _c陈丽晴 主编; 张民生 等摄影 |
||
| 260 |
_a马来西亚 _b马六甲中华大会堂 _c2016 |
||
| 300 | _bDISC 1 | ||
| 520 | _a上架 2017-12-02。 2018-03-04 弄湿--pg.上部(5817)。 | ||
| 650 | _a马华文学 | ||
| 942 |
_cBK _o868.71 CSJ |
||
| 999 |
_c67599 _d67589 |
||